000 00603nam a2200217Ia 4500
003 OSt
005 20220928144725.0
006 a|||||r|||| 00| 0
007 ta
008 220927b |||||||| |||| 00| 0 eng d
024 _a73278
037 _cTextual
040 _aSDCL
_cSDCL
_beng
041 _2eng
_aeng
082 _aX9.2'N8s, M6
100 _aCENTRE FOR INDUSTRIAL AND ECONOMIC RESEARCH. Co.
_9509259
245 0 _aIndustrial databook.1986
260 _c1986
942 _hX9.2'N8s, M6
_cTEXL
_2CC
999 _c829181
_d829181